The new new journalism : (Record no. 2682)
[ view plain ]
| 000 -LEADER | |
|---|---|
| fixed length control field | 01872cam a2200361 a 4500 |
| 001 - CONTROL NUMBER | |
| control field | 5264149 |
| 003 - CONTROL NUMBER IDENTIFIER | |
| control field | OSt |
| 005 - DATE AND TIME OF LATEST TRANSACTION | |
| control field | 20180117085947.0 |
| 008 - FIXED-LENGTH DATA ELEMENTS--GENERAL INFORMATION | |
| fixed length control field | 040813s2005 nyu b 000 0deng |
| 010 ## - LIBRARY OF CONGRESS CONTROL NUMBER | |
| LC control number | 2004057161 |
| 020 ## - INTERNATIONAL STANDARD BOOK NUMBER | |
| International Standard Book Number | 140003356X (trade paper) |
| 035 ## - SYSTEM CONTROL NUMBER | |
| System control number | (OCoLC)ocm56324732 |
| 035 ## - SYSTEM CONTROL NUMBER | |
| System control number | (NNC)5264149 |
| 040 ## - CATALOGING SOURCE | |
| Original cataloging agency | DLC |
| Transcribing agency | DLC |
| Modifying agency | C#P |
| -- | OrLoB-B |
| 043 ## - GEOGRAPHIC AREA CODE | |
| Geographic area code | n-us--- |
| 050 00 - LIBRARY OF CONGRESS CALL NUMBER | |
| Classification number | PN4867 |
| Item number | .N38 2005 |
| 082 00 - DEWEY DECIMAL CLASSIFICATION NUMBER | |
| Classification number | 071/.3/0904 |
| Edition number | 22 |
| 245 04 - TITLE STATEMENT | |
| Title | The new new journalism : |
| Remainder of title | conversations with America's best nonfiction writers on their craft / |
| Statement of responsibility, etc. | Robert S. Boynton. |
| 260 ## - PUBLICATION, DISTRIBUTION, ETC. | |
| Place of publication, distribution, etc. | New York : |
| Name of publisher, distributor, etc. | Vintage Books, |
| Date of publication, distribution, etc. | 2005. |
| 300 ## - PHYSICAL DESCRIPTION | |
| Extent | xxxiv, 456 p. ; |
| Dimensions | 21 cm. |
| 500 ## - GENERAL NOTE | |
| General note | "A Vintage original"--Cover. |
| 504 ## - BIBLIOGRAPHY, ETC. NOTE | |
| Bibliography, etc. note | Includes bibliographical references. |
| 505 00 - FORMATTED CONTENTS NOTE | |
| Title | Ted Conover -- |
| -- | Richard Ben Cramer -- |
| -- | Leon Dash -- |
| -- | William Finnegan -- |
| -- | Jonathan Harr -- |
| -- | Alex Kotlowitz -- |
| -- | Jon Krakauer -- |
| -- | Jane Kramer -- |
| -- | William Langewiesche -- |
| -- | Adrian Nicole LeBlanc -- |
| -- | Michael Lewis -- |
| -- | Susan Orlean -- |
| -- | Richard Preston -- |
| -- | Ron Rosenbaum -- |
| -- | Eric Schlosser -- |
| -- | Gay Talese -- |
| -- | Calvin Trillin -- |
| -- | Lawrence Weschler -- |
| -- | Lawrence Wright. |
| 520 1# - SUMMARY, ETC. | |
| Summary, etc. | "Forty years after Tom Wolfe, Hunter S. Thompson, and Gay Talese launched the New Journalism movement, Robert S. Boynton sits down with nineteen practitioners of what he calls the New New Journalism to discuss their methods, writings, and careers."--BOOK JACKET. |
| 650 #0 - SUBJECT ADDED ENTRY--TOPICAL TERM | |
| Topical term or geographic name entry element | Journalism |
| Geographic subdivision | United States |
| General subdivision | History |
| Chronological subdivision | 20th century. |
| 650 #0 - SUBJECT ADDED ENTRY--TOPICAL TERM | |
| Topical term or geographic name entry element | Nonfiction novel |
| General subdivision | History and criticism. |
| 650 #0 - SUBJECT ADDED ENTRY--TOPICAL TERM | |
| Topical term or geographic name entry element | Journalists |
| Geographic subdivision | United States |
| Form subdivision | Interviews. |
| 700 1# - ADDED ENTRY--PERSONAL NAME | |
| Personal name | Boynton, Robert S. |
| 900 ## - EQUIVALENCE OR CROSS-REFERENCE-PERSONAL NAME [LOCAL, CANADA] | |
| Numeration | TOC |
| 942 ## - ADDED ENTRY ELEMENTS (KOHA) | |
| Source of classification or shelving scheme | |
| Koha item type | Book |
| 948 2# - LOCAL PROCESSING INFORMATION (OCLC); SERIES PART DESIGNATOR (RLIN) | |
| Series part designator, SPT (RLIN) | 20050913 |
| b (OCLC) | a |
| c (OCLC) | rad1 |
| d (OCLC) | MPS |
| Withdrawn status | Lost status | Source of classification or shelving scheme | Damaged status | Not for loan | Permanent Location | Current Location | Shelving location | Date acquired | Total Checkouts | Full call number | Barcode | Date last seen | Price effective from | Koha item type |
|---|---|---|---|---|---|---|---|---|---|---|---|---|---|---|
| Central Library (CL) | Central Library (CL) | First Floor - Journalism | 03/11/2016 | 302.23 BOY | S3H-S-585 | 05/16/2018 | 03/11/2016 | Book |
